| 000 | 00605nam a22001937a 4500 | ||
|---|---|---|---|
| 005 | 20251108172507.0 | ||
| 008 | 250721s9999 xx 000 0 ara d | ||
| 082 | 1 | 4 | _a615.9عبد |
| 100 | 1 | _aعبدالجواد، شوقيه مهني | |
| 245 | 1 | 0 | _aسموم : أنواعها و كيفية مواجهتها / |
| 264 | 1 |
_aالقاهرة : _bمركز الأهرام للترجمة و النشر، |
|
| 300 | _a138ص | ||
| 490 | 0 | _aإعرف صحتك;15 | |
| 650 | 1 | 7 | _aعلم السموم |
| 650 | 1 | 7 | _aالتخلص من السموم |
| 650 | 1 | 7 | _aالسموم |
| 942 |
_2ddc _cBK |
||
| 999 |
_c80783 _d80783 |
||